[Event "Tradewise Gibraltar 2012 - Challenger B"]
[Site "Gibraltar ENG"]
[Date "2012.02.01"]
[Round "4.37"]
[White "Riiser, Samuel"]
[Black "Iasman, Inna"]
[Result "0-1"]
[WhiteElo "1827"]
[BlackElo "1951"]
[PlyCount "104"]
[EventDate "2012.01.28"]
[EventType "swiss"]
[EventRounds "5"]
[EventCountry "ENG"]
[Source "lmi"]
[SourceDate "2012.01.28"]

1. d4 d5 2. c4 c6 3. Nf3 Nf6 4. Nc3 dxc4 5. a4 Bf5 6. Ne5 Nbd7 7. Nxc4 Qc7 8.
g3 e5 9. dxe5 Nxe5 10. Bf4 Nfd7 11. Bg2 Be7 12. Qd4 f6 13. O-O Be6 14. Ne3 Qb6
15. Qxb6 axb6 16. Nc2 Ng6 17. Nd4 Nxf4 18. gxf4 Bg4 19. h3 Bh5 20. Nf5 Bf8 21.
Rfd1 O-O-O 22. Rd2 Nc5 23. Rad1 Rxd2 24. Rxd2 Ne6 25. e3 Nc5 26. Kf1 Kc7 27.
Ke1 Bf7 28. Rd4 g6 29. Ng3 f5 30. Nge2 Bg7 31. Rd2 Ra8 32. b4 Nxa4 33. Rc2 Nxc3
34. Nxc3 Ra1+ 35. Kd2 Kd7 36. Ne2 Bf8 37. Rb2 b5 38. Nd4 Ra4 39. Kc3 Ra3+ 40.
Kd2 Bc4 41. Kc2 Bg7 42. Kc1 Rd3 43. Rd2 Kd6 44. Rxd3 Bxd3 45. Kd2 Bc4 46. Ke1
Bd5 47. Bf1 Be4 48. Kd2 b6 49. f3 Bd5 50. Bg2 Bc4 51. Kd1 c5 52. Nc2 Bc3 0-1

[Event "Tradewise Gibraltar 2012 - Challenger B"]
[Site "Gibraltar ENG"]
[Date "2012.02.01"]
[Round "4.38"]
[White "Livesey, R Nigel"]
[Black "Haddock, Paul"]
[Result "1-0"]
[WhiteElo "1907"]
[BlackElo "1688"]
[PlyCount "93"]
[EventDate "2012.01.28"]
[EventType "swiss"]
[EventRounds "5"]
[EventCountry "ENG"]
[Source "lmi"]
[SourceDate "2012.01.28"]

1. c4 Nf6 2. g3 g6 3. Bg2 Bg7 4. Nc3 d6 5. e4 e5 6. Nge2 O-O 7. O-O Nc6 8. d3
Ne8 9. Be3 f5 10. f4 Nf6 11. Qd2 Ng4 12. Nd5 Nxe3 13. Nxe3 Nd4 14. Nxd4 exd4
15. Nc2 Rb8 16. Rfe1 Re8 17. Re2 c5 18. Rae1 fxe4 19. Rxe4 Rxe4 20. Rxe4 Bf5
21. Re1 Qd7 22. Bd5+ Kf8 23. Be4 Re8 24. Bxf5 Rxe1+ 25. Nxe1 Qxf5 26. Qe2 d5
27. b3 dxc4 28. bxc4 Kf7 29. Nf3 h6 30. Nd2 a6 31. Ne4 Bf8 32. Qb2 Qd7 33. Qb6
Qc6 34. Qxc6 bxc6 35. Kg2 Be7 36. Kf3 h5 37. h3 Bf8 38. g4 hxg4+ 39. hxg4 Be7
40. f5 gxf5 41. gxf5 Kg7 42. Kf4 Kf7 43. Ke5 Bf8 44. f6 Ke8 45. Ke6 Bh6 46. f7+
Kd8 47. Nxc5 1-0

[Event "Tradewise Gibraltar 2012 - Challenger B"]
[Site "Gibraltar ENG"]
[Date "2012.02.02"]
[Round "5.1"]
[White "Barrenechea Bahamonde, Gustavo"]
[Black "Diaz Velandia, Jose Manuel"]
[Result "1/2-1/2"]
[WhiteElo "2228"]
[BlackElo "2136"]
[PlyCount "22"]
[EventDate "2012.01.28"]
[EventType "swiss"]
[EventRounds "5"]
[EventCountry "ENG"]
[Source "lmi"]
[SourceDate "2012.01.28"]

1. e4 e6 2. d4 d5 3. e5 c5 4. Nf3 cxd4 5. Bd3 Nc6 6. O-O h6 7. a3 g5 8. Bb5 Bd7
9. Bxc6 bxc6 10. Qxd4 Ne7 11. c4 c5 1/2-1/2

[Event "Tradewise Gibraltar 2012 - Challenger B"]
[Site "Gibraltar ENG"]
[Date "2012.02.02"]
[Round "5.2"]
[White "Tscharotschkin, Michael"]
[Black "Pettersson, Anders"]
[Result "0-1"]
[WhiteElo "2195"]
[BlackElo "2219"]
[PlyCount "126"]
[EventDate "2012.01.28"]
[EventType "swiss"]
[EventRounds "5"]
[EventCountry "ENG"]
[Source "lmi"]
[SourceDate "2012.01.28"]

1. d4 d5 2. Bg5 Nd7 3. e3 Ngf6 4. Nd2 e6 5. f4 c5 6. c3 cxd4 7. cxd4 Qb6 8. Rb1
Bb4 9. Bd3 Qa5 10. a3 Bxd2+ 11. Qxd2 Qxd2+ 12. Kxd2 Ne4+ 13. Bxe4 dxe4 14. Ne2
Nb6 15. Nc3 Nc4+ 16. Ke2 Nd6 17. Rhc1 b6 18. b4 Bb7 19. a4 Kd7 20. Nb5 Ne8 21.
Kd2 a6 22. Na3 Bd5 23. Rc3 Nd6 24. Rbc1 Rhc8 25. Rxc8 Rxc8 26. Rxc8 Nxc8 27.
Kc3 Nd6 28. Bh4 b5 29. a5 Bc4 30. Bf2 Bd3 31. g4 Kc6 32. Bg3 Nc8 33. Nc2 Bxc2
34. Kxc2 Ne7 35. Bf2 Nd5 36. Kb3 h5 37. gxh5 Kd7 38. h3 Ke8 39. h6 gxh6 40. Ka3
Kf8 41. Kb3 Kg7 42. Ka3 Kg6 43. Kb3 Kh5 44. Ka3 Nc3 45. Be1 Nd1 46. f5 Nxe3 47.
fxe6 fxe6 48. Kb3 Ng2 49. Bg3 e3 50. Kc3 e2 51. Kd2 e1=Q+ 52. Bxe1 Nxe1 53.
Kxe1 Kh4 54. Kf2 Kxh3 55. Kf3 h5 56. Kf4 Kg2 57. Ke5 h4 58. Kxe6 h3 59. d5 h2
60. d6 h1=Q 61. d7 Qh4 62. Kd6 Qd8 63. Kc6 Qb8 0-1

[Event "Tradewise Gibraltar 2012 - Challenger B"]
[Site "Gibraltar ENG"]
[Date "2012.02.02"]
[Round "5.3"]
[White "Hanley, James L"]
[Black "Norman, Kenneth I"]
[Result "1-0"]
[WhiteElo "2247"]
[BlackElo "2174"]
[PlyCount "179"]
[EventDate "2012.01.28"]
[EventType "swiss"]
[EventRounds "5"]
[EventCountry "ENG"]
[Source "lmi"]
[SourceDate "2012.01.28"]

1. e4 e5 2. Nf3 Nc6 3. Bb5 a6 4. Ba4 Nf6 5. O-O b5 6. Bb3 Be7 7. Re1 d6 8. c3
O-O 9. h3 h6 10. d4 Re8 11. a4 Bd7 12. Nbd2 Bf8 13. d5 Ne7 14. Nf1 Ng6 15. Ng3
Nf4 16. Be3 Ng6 17. Qc2 c5 18. dxc6 Bxc6 19. c4 b4 20. Rad1 Qc7 21. Nh2 Qb7 22.
f3 Rac8 23. Qf2 Nd7 24. Nf5 Nc5 25. Bxc5 dxc5 26. g3 Qc7 27. Ng4 Rcd8 28. Nge3
Rxd1 29. Bxd1 Ne7 30. Nxe7+ Bxe7 31. h4 Qd7 32. b3 Qd4 33. Nf5 Qxf2+ 34. Kxf2
Bf8 35. Bc2 Rd8 36. h5 a5 37. Ke2 f6 38. Ke3 Kf7 39. f4 Ke6 40. Bd1 Re8 41. Bf3
exf4+ 42. gxf4 Kf7 43. Rd1 Ke6 44. Rd2 Kf7 45. Rg2 Rd8 46. Rg1 Ba8 47. Rd1 Rxd1
48. Bxd1 Bc6 49. Bg4 g6 50. hxg6+ Kxg6 51. Nh4+ Kf7 52. Bh5+ Ke6 53. Bg6 Bb7
54. Kf3 Ke7 55. Kg4 Ke6 56. Bf5+ Kf7 57. Kh5 Bd6 58. Bg6+ Kf8 59. Kg4 Bc6 60.
Bf5 Kf7 61. Nf3 Bc7 62. Ne1 Bb7 63. Nd3 Bd6 64. Kh5 Kg7 65. Kh4 Kf7 66. Kg4 Kg7
67. e5 fxe5 68. fxe5 Be7 69. Nf4 Kf7 70. Be6+ Ke8 71. Nd5 Bg5 72. Bf5 Bc6 73.
Bg6+ Kf8 74. Kf5 Bb7 75. Ke6 Bc8+ 76. Kd6 Bg4 77. Kxc5 Bd1 78. Kd6 Bxb3 79. Nb6
Be3 80. e6 Bg5 81. Kd7 Bd1 82. Nd5 Bxa4+ 83. Kd6 Bd1 84. c5 b3 85. c6 Bd8 86.
c7 Bxc7+ 87. Nxc7 Bc2 88. e7+ Kg7 89. e8=Q Bxg6 90. Qe5+ 1-0

[Event "Tradewise Gibraltar 2012 - Challenger B"]
[Site "Gibraltar ENG"]
[Date "2012.02.02"]
[Round "5.4"]
[White "Vinas Guerrero, Carlos A"]
[Black "Rowe, Duane"]
[Result "0-1"]
[WhiteElo "2160"]
[BlackElo "2236"]
[PlyCount "82"]
[EventDate "2012.01.28"]
[EventType "swiss"]
[EventRounds "5"]
[EventCountry "ENG"]
[Source "lmi"]
[SourceDate "2012.01.28"]

1. e4 c5 2. Nf3 Nc6 3. d4 cxd4 4. Nxd4 e6 5. Nb5 d6 6. Bf4 e5 7. Be3 a6 8. N5c3
Nf6 9. Bg5 Be7 10. Nd2 Be6 11. Bxf6 Bxf6 12. Nc4 Nd4 13. Ne3 Rc8 14. Bd3 Bg5
15. Ncd5 O-O 16. c3 Nc6 17. O-O Ne7 18. Nxe7+ Qxe7 19. Qe2 g6 20. Nd5 Bxd5 21.
exd5 Rfe8 22. Rfe1 Qd7 23. Rad1 e4 24. Bc2 Re5 25. f3 exf3 26. Qxf3 Rce8 27.
Re4 f5 28. Rxe5 Rxe5 29. Rf1 Qe7 30. Bd3 Re3 31. Qd1 Qe5 32. h3 Rxh3 33. gxh3
Qg3+ 34. Kh1 Qxh3+ 35. Kg1 Be3+ 36. Rf2 Qg3+ 37. Kh1 Bxf2 38. Qf1 Qf3+ 39. Kh2
f4 40. Be2 Qg3+ 41. Kh1 f3 0-1

[Event "Tradewise Gibraltar 2012 - Challenger B"]
[Site "Gibraltar ENG"]
[Date "2012.02.02"]
[Round "5.5"]
[White "Hagen, Anders Gjerdrum"]
[Black "Spence, David J"]
[Result "0-1"]
[WhiteElo "2139"]
[BlackElo "2213"]
[PlyCount "88"]
[EventDate "2012.01.28"]
[EventType "swiss"]
[EventRounds "5"]
[EventCountry "ENG"]
[Source "lmi"]
[SourceDate "2012.01.28"]

1. d4 e6 2. c4 Nf6 3. Nf3 b6 4. g3 Ba6 5. Nbd2 Bb4 6. Qc2 O-O 7. Bg2 d5 8. O-O
c5 9. dxc5 Bxc5 10. e4 dxc4 11. Nxc4 Qc8 12. e5 Bxc4 13. exf6 Bxf1 14. fxg7 Rd8
15. Bxf1 Be7 16. Qe4 Nd7 17. Bg5 Bxg5 18. Nxg5 Nf6 19. Qf4 Kxg7 20. Rc1 e5 21.
Qe3 Qg4 22. Nf3 h6 23. Rc7 Qe4 24. Nxe5 Qxe3 25. Rxf7+ Kg8 26. fxe3 Ng4 27. Re7
Nxe3 28. Bh3 Rd6 29. Be6+ Rxe6 30. Rxe6 Rf8 31. h4 Rf1+ 32. Kh2 Rf2+ 33. Kh3
Rxb2 34. Nd3 Re2 35. g4 Kf7 36. Re4 b5 37. g5 hxg5 38. hxg5 a5 39. Kg3 Nf1+ 40.
Kf4 Rxa2 41. Ne5+ Kg7 42. Ng4 Ra4 43. Rxa4 bxa4 44. Ne5 a3 0-1

[Event "Tradewise Gibraltar 2012 - Challenger B"]
[Site "Gibraltar ENG"]
[Date "2012.02.02"]
[Round "5.7"]
[White "Jaunooby, Ali R"]
[Black "Agrest, Inna"]
[Result "1-0"]
[WhiteElo "2146"]
[BlackElo "2189"]
[PlyCount "79"]
[EventDate "2012.01.28"]
[EventType "swiss"]
[EventRounds "5"]
[EventCountry "ENG"]
[Source "lmi"]
[SourceDate "2012.01.28"]

1. d4 Nf6 2. c4 g6 3. g3 Bg7 4. Bg2 d6 5. Nc3 O-O 6. e3 Nbd7 7. Nge2 e5 8. h3
Re8 9. b3 c6 10. d5 c5 11. e4 Nh5 12. Bf3 f5 13. g4 Nf4 14. gxf5 gxf5 15. Ng3
Nf6 16. exf5 Qa5 17. Bd2 Nd3+ 18. Kf1 Qc7 19. Be4 Nf4 20. Qf3 Qf7 21. Bc2 N4h5
22. Rg1 Kh8 23. Re1 Rf8 24. Bb1 a6 25. Bc1 Bd7 26. Bg5 b5 27. Bd3 Rab8 28. Kg2
Rg8 29. Kh2 Rbf8 30. cxb5 axb5 31. Nxb5 Nxg3 32. Nxd6 Qe7 33. Nc4 e4 34. Rxg3
Qf7 35. Bxe4 Nxe4 36. Rxe4 Qxf5 37. Rf4 Qb1 38. Bf6 Bxf6 39. Rxf6 Bf5 40. Qc3
1-0

[Event "Tradewise Gibraltar 2012 - Challenger B"]
[Site "Gibraltar ENG"]
[Date "2012.02.02"]
[Round "5.8"]
[White "Uran Bermudez, Oliver Kevin"]
[Black "Vanparys, Philip"]
[Result "1-0"]
[WhiteElo "2099"]
[BlackElo "2174"]
[PlyCount "55"]
[EventDate "2012.01.28"]
[EventType "swiss"]
[EventRounds "5"]
[EventCountry "ENG"]
[Source "lmi"]
[SourceDate "2012.01.28"]

1. e4 d6 2. d4 Nf6 3. Nc3 g6 4. g3 Bg7 5. Bg2 O-O 6. Nge2 Nbd7 7. O-O c5 8. Nd5
Nxd5 9. exd5 Qb6 10. c3 cxd4 11. cxd4 Re8 12. a4 a5 13. Ra3 Nf6 14. Rb3 Qa6 15.
Nc3 Qc4 16. Nb5 Bg4 17. f3 Bd7 18. Rc3 Qb4 19. Nc7 Bxa4 20. Qe1 Bb3 21. f4 Bc4
22. Rf2 Ng4 23. Rd2 Ba6 24. Qd1 Be2 25. Qxe2 Bxd4+ 26. Rxd4 Qxd4+ 27. Be3 Nxe3
28. Qxe3 1-0

[Event "Tradewise Gibraltar 2012 - Challenger B"]
[Site "Gibraltar ENG"]
[Date "2012.02.02"]
[Round "5.9"]
[White "Daoudi, Kamal"]
[Black "Whitehead, David J"]
[Result "1/2-1/2"]
[WhiteElo "2165"]
[BlackElo "2041"]
[PlyCount "80"]
[EventDate "2012.01.28"]
[EventType "swiss"]
[EventRounds "5"]
[EventCountry "ENG"]
[Source "lmi"]
[SourceDate "2012.01.28"]

1. e4 c5 2. Nf3 Nc6 3. c3 d5 4. exd5 Qxd5 5. d4 cxd4 6. cxd4 e5 7. Nc3 Bb4 8.
Nxe5 Nxe5 9. dxe5 Qxd1+ 10. Kxd1 Bg4+ 11. Kc2 Bf5+ 12. Kb3 Bc5 13. Bb5+ Kf8 14.
Be3 Bxe3 15. fxe3 a6 16. Rhf1 Ne7 17. Bc4 b5 18. Be2 Be6+ 19. Kc2 Rc8 20. Rad1
Nd5 21. Kd2 Nxc3 22. bxc3 Ke7 23. Rf4 Rc5 24. Ra1 Rhc8 25. a4 Rxc3 26. axb5
Rc2+ 27. Ke1 axb5 28. Ra7+ Kf8 29. Rb7 Ra2 30. Rd4 g6 31. Rd2 Rc1+ 32. Bd1 Raa1
33. Rxb5 Bg4 34. Rbd5 Rxd1+ 35. Rxd1 Rxd1+ 36. Rxd1 Bxd1 37. Kxd1 Ke7 38. Ke2
Ke6 39. Kf3 Kxe5 40. g4 g5 1/2-1/2

[Event "Tradewise Gibraltar 2012 - Challenger B"]
[Site "Gibraltar ENG"]
[Date "2012.02.02"]
[Round "5.10"]
[White "Samu, Sorin-Mihai"]
[Black "Buchkremer, Felix Dr"]
[Result "1-0"]
[WhiteElo "2156"]
[BlackElo "2080"]
[PlyCount "65"]
[EventDate "2012.01.28"]
[EventType "swiss"]
[EventRounds "5"]
[EventCountry "ENG"]
[Source "lmi"]
[SourceDate "2012.01.28"]

1. e4 e6 2. d4 d5 3. Bd3 dxe4 4. Bxe4 Nf6 5. Bf3 c5 6. Ne2 Nc6 7. Be3 cxd4 8.
Nxd4 Ne5 9. O-O Nxf3+ 10. Qxf3 a6 11. Nc3 Bd6 12. Rad1 Qc7 13. h3 O-O 14. Bg5
Be5 15. Rfe1 Bd7 16. Qe3 Bxd4 17. Rxd4 Nd5 18. Nxd5 exd5 19. Qd2 Be6 20. Re3
Rac8 21. Rc3 Qe5 22. f4 Qd6 23. Re3 f6 24. Bh4 Qc6 25. c4 Rfd8 26. cxd5 Qc1+
27. Be1 Bf7 28. d6 Qc5 29. Rc3 Qb6 30. Rxc8 Rxc8 31. Bf2 Rd8 32. d7 Qc6 33. Rd6
1-0

[Event "Tradewise Gibraltar 2012 - Challenger B"]
[Site "Gibraltar ENG"]
[Date "2012.02.02"]
[Round "5.11"]
[White "Havik, Victor"]
[Black "Allor, Chukwuka"]
[Result "1/2-1/2"]
[WhiteElo "2066"]
[BlackElo "2145"]
[PlyCount "20"]
[EventDate "2012.01.28"]
[EventType "swiss"]
[EventRounds "5"]
[EventCountry "ENG"]
[Source "lmi"]
[SourceDate "2012.01.28"]

1. d4 Nf6 2. c4 g6 3. Nc3 d5 4. Nf3 Bg7 5. e3 O-O 6. b4 b6 7. Ba3 c5 8. bxc5
bxc5 9. Rc1 cxd4 10. Nxd4 Re8 1/2-1/2

[Event "Tradewise Gibraltar 2012 - Challenger B"]
[Site "Gibraltar ENG"]
[Date "2012.02.02"]
[Round "5.12"]
[White "Ungureanu, Sandu"]
[Black "Wiedersich, Jens"]
[Result "1-0"]
[WhiteElo "2039"]
[BlackElo "2139"]
[PlyCount "186"]
[EventDate "2012.01.28"]
[EventType "swiss"]
[EventRounds "5"]
[EventCountry "ENG"]
[Source "lmi"]
[SourceDate "2012.01.28"]

1. e4 c5 2. Nf3 d6 3. d4 cxd4 4. Nxd4 Nf6 5. f3 e5 6. Nb3 Be6 7. c4 h6 8. Be3
Be7 9. Nc3 Nc6 10. Qd2 Na5 11. Nxa5 Qxa5 12. Be2 O-O 13. Nd5 Qxd2+ 14. Kxd2
Nxd5 15. cxd5 Bd7 16. g4 Bg5 17. Bxg5 hxg5 18. h4 gxh4 19. Rxh4 g6 20. g5 Kg7
21. f4 exf4 22. Rf1 Rae8 23. Rhxf4 Re5 24. Rc1 Rc8 25. Rxc8 Bxc8 26. Rf6 Kf8
27. Rxd6 Ke7 28. Rf6 Rxg5 29. Rf1 Re5 30. Rc1 Kd8 31. Bf3 f5 32. exf5 Bxf5 33.
Rh1 b6 34. Rf1 Kd7 35. Kc3 Re3+ 36. Kd4 Rd3+ 37. Ke5 Re3+ 38. Kf4 Re7 39. Rc1
Re8 40. Rh1 Kd6 41. Rh7 Rf8 42. Rxa7 Be6+ 43. Kg5 Bxd5 44. Bxd5 Kxd5 45. Kxg6
Rf2 46. b3 Kc6 47. Kg5 Kc5 48. Kg4 Rf1 49. Kg3 Kb4 50. Kg2 Rf5 51. Ra6 Kb5 52.
Ra4 Rf8 53. Rc4 Rf7 54. Kg3 Rf1 55. Kg2 Rf7 56. Re4 Rf8 57. a4+ Kc6 58. Rc4+
Kb7 59. Kg3 Ka6 60. Re4 Rf1 61. Re5 Rb1 62. Rb5 Rf1 63. Kg4 Rf2 64. Rb4 Ka5 65.
Rb5+ Ka6 66. Kg3 Rf1 67. Kg2 Rf7 68. Rg5 Rf6 69. Rh5 Kb7 70. Kg3 Ka6 71. Rg5
Rf1 72. Rb5 Rf6 73. Rd5 Rf1 74. Re5 Rd1 75. Kf2 Rd3 76. Rb5 Rd8 77. Ke2 Rd4 78.
Ke3 Rh4 79. Kd3 Rh3+ 80. Kc2 Rh2+ 81. Kc3 Rh8 82. Rd5 Rh3+ 83. Kc4 Rh4+ 84. Kc3
Rh3+ 85. Kb4 Rg3 86. Rd6 Rg7 87. Ka3 Rh7 88. Rd3 Rb7 89. b4 Rc7 90. Kb3 Rf7 91.
Rd8 Kb7 92. Kc4 Rc7+ 93. Kb5 Ka7 1-0

[Event "Tradewise Gibraltar 2012 - Challenger B"]
[Site "Gibraltar ENG"]
[Date "2012.02.02"]
[Round "5.14"]
[White "Dasaolu, Adeoye"]
[Black "Suez-Panama, Gilles"]
[Result "1/2-1/2"]
[WhiteElo "2107"]
[BlackElo "2034"]
[PlyCount "90"]
[EventDate "2012.01.28"]
[EventType "swiss"]
[EventRounds "5"]
[EventCountry "ENG"]
[Source "lmi"]
[SourceDate "2012.01.28"]

1. Nf3 Nf6 2. d4 g6 3. c4 Bg7 4. Nc3 d6 5. g3 O-O 6. Bg2 c6 7. O-O Bf5 8. Nh4
Be6 9. d5 cxd5 10. cxd5 Bd7 11. Be3 Qa5 12. Bd4 Rc8 13. Qd2 Na6 14. a3 Qd8 15.
b4 Nc7 16. Rfc1 Nb5 17. Nxb5 Bxb5 18. h3 Rc4 19. Rxc4 Bxc4 20. Rc1 b5 21. a4 a6
22. a5 Rc8 23. e3 Qd7 24. g4 h6 25. f4 Bb3 26. Rc6 Rxc6 27. dxc6 Qc8 28. g5
hxg5 29. fxg5 Ne8 30. Bxg7 Nxg7 31. Qd4 Ne6 32. Qa7 Nc7 33. Nf3 e5 34. Nd2 Bc2
35. Qb7 Qd8 36. h4 d5 37. Bh3 Kg7 38. Qc8 Qxc8 39. Bxc8 f6 40. Kf2 Bf5 41. Bb7
fxg5 42. hxg5 Kf7 43. Nb3 Ke7 44. Nc5 Kd6 45. e4 Bxe4 1/2-1/2

[Event "Tradewise Gibraltar 2012 - Challenger B"]
[Site "Gibraltar ENG"]
[Date "2012.02.02"]
[Round "5.15"]
[White "Wihlborn, Bengt"]
[Black "Attwood, James"]
[Result "0-1"]
[WhiteElo "1866"]
[BlackElo "2072"]
[PlyCount "44"]
[EventDate "2012.01.28"]
[EventType "swiss"]
[EventRounds "5"]
[EventCountry "ENG"]
[Source "lmi"]
[SourceDate "2012.01.28"]

1. Nf3 f5 2. g3 Nf6 3. Bg2 g6 4. O-O Bg7 5. c3 O-O 6. d3 c6 7. Nbd2 Qc7 8. e4
e5 9. exf5 gxf5 10. Nh4 d5 11. Qb3 Na6 12. f4 Nc5 13. Qa3 Nxd3 14. fxe5 Qb6+
15. Kh1 Ng4 16. Ndf3 Ndf2+ 17. Kg1 Nh3+ 18. Kh1 Ngf2+ 19. Rxf2 Nxf2+ 20. Kg1
Nh3+ 21. Kh1 Qg1+ 22. Nxg1 Nf2# 0-1

[Event "Tradewise Gibraltar 2012 - Challenger B"]
[Site "Gibraltar ENG"]
[Date "2012.02.02"]
[Round "5.16"]
[White "Perez Garcia, Alejandro"]
[Black "Zygouris, Hristos"]
[Result "0-1"]
[WhiteElo "1845"]
[BlackElo "2205"]
[PlyCount "100"]
[EventDate "2012.01.28"]
[EventType "swiss"]
[EventRounds "5"]
[EventCountry "ENG"]
[Source "lmi"]
[SourceDate "2012.01.28"]

1. d4 Nf6 2. Nf3 e6 3. e3 c5 4. Bd3 cxd4 5. exd4 b6 6. Bg5 Bb7 7. Nbd2 Be7 8.
O-O d6 9. c3 Nbd7 10. Re1 O-O 11. Qe2 a6 12. Rad1 b5 13. Bxf6 Nxf6 14. Ne4 Bxe4
15. Bxe4 d5 16. Bf5 Bd6 17. Bh3 Qc7 18. Ne5 b4 19. Rd3 Ne4 20. f3 Bxe5 21. dxe5
Nc5 22. Rd4 bxc3 23. bxc3 Qb6 24. Qe3 Rfc8 25. Rb4 Qa7 26. Rd1 Nd7 27. Rdd4 a5
28. Rb1 Qc7 29. f4 Qxc3 30. Qxc3 Rxc3 31. f5 Nxe5 32. fxe6 Rxh3 33. exf7+ Kf8
34. Rxd5 Re3 35. Rbb5 Ng4 36. Rf5 Re1+ 37. Rf1 Rxf1+ 38. Kxf1 Nxh2+ 39. Kf2
Ng4+ 40. Kf3 Nh6 41. Ke4 Nxf7 42. Kd5 a4 43. Rb6 Rd8+ 44. Ke6 g6 45. g3 Rd2 46.
Rb8+ Kg7 47. Rb7 Re2+ 48. Kd7 Rxa2 49. g4 a3 50. g5 Re2 0-1

[Event "Tradewise Gibraltar 2012 - Challenger B"]
[Site "Gibraltar ENG"]
[Date "2012.02.02"]
[Round "5.19"]
[White "Gieritz, Dietmar"]
[Black "Dimitrijevic, Dragan"]
[Result "0-1"]
[WhiteElo "2134"]
[BlackElo "1937"]
[PlyCount "42"]
[EventDate "2012.01.28"]
[EventType "swiss"]
[EventRounds "5"]
[EventCountry "ENG"]
[Source "lmi"]
[SourceDate "2012.01.28"]

1. Nf3 Nf6 2. g3 b6 3. Bg2 Bb7 4. d4 e6 5. O-O Be7 6. c4 O-O 7. Nc3 Ne4 8. Qc2
Nxc3 9. Qxc3 c5 10. Re1 f5 11. a3 Bf6 12. e3 Be4 13. Nd2 Bxg2 14. Kxg2 Nc6 15.
Nf3 d6 16. Rd1 g5 17. Qe1 g4 18. Ne5 Bxe5 19. dxe5 Nxe5 20. Qe2 Qd7 21. h3 Qc6+
0-1

[Event "Tradewise Gibraltar 2012 - Challenger B"]
[Site "Gibraltar ENG"]
[Date "2012.02.02"]
[Round "5.21"]
[White "Mihajlov, Svetoslav"]
[Black "Nwachukwu, Chino"]
[Result "1-0"]
[WhiteElo "2101"]
[BlackElo "1926"]
[PlyCount "53"]
[EventDate "2012.01.28"]
[EventType "swiss"]
[EventRounds "5"]
[EventCountry "ENG"]
[Source "lmi"]
[SourceDate "2012.01.28"]

1. e4 c5 2. Nf3 d6 3. d4 cxd4 4. Nxd4 Nf6 5. Nc3 a6 6. Bg5 e6 7. f4 Qb6 8. Qd3
Qxb2 9. Rb1 Qa3 10. Bxf6 gxf6 11. f5 Qc5 12. Be2 h5 13. Bf3 Nc6 14. Nxc6 bxc6
15. Ne2 d5 16. exd5 cxd5 17. c4 Bd7 18. fxe6 fxe6 19. cxd5 Qa5+ 20. Qc3 Qxc3+
21. Nxc3 Rc8 22. Ne4 Be7 23. d6 Bd8 24. O-O Bb5 25. Rfd1 Rc4 26. d7+ Bxd7 27.
Nd6+ 1-0

[Event "Tradewise Gibraltar 2012 - Challenger B"]
[Site "Gibraltar ENG"]
[Date "2012.02.02"]
[Round "5.22"]
[White "Schouten, Freek"]
[Black "Annetts, Ivor S"]
[Result "1-0"]
[WhiteElo "2073"]
[BlackElo "1895"]
[PlyCount "77"]
[EventDate "2012.01.28"]
[EventType "swiss"]
[EventRounds "5"]
[EventCountry "ENG"]
[Source "lmi"]
[SourceDate "2012.01.28"]

1. c4 Nf6 2. Nc3 c6 3. d4 d5 4. Nf3 e6 5. e3 Nbd7 6. Bd3 dxc4 7. Bxc4 b5 8. Bd3
Bb7 9. O-O a6 10. e4 Be7 11. e5 Nd5 12. Nxd5 cxd5 13. Re1 b4 14. Nd2 a5 15. Qg4
g6 16. Nf3 Ba6 17. Bb1 h5 18. Qg3 Nf8 19. h4 Qd7 20. Bg5 Ra7 21. Bc2 Nh7 22.
Bh6 Bf8 23. Qf4 Qe7 24. Ba4+ Kd8 25. Rac1 Bc8 26. Re2 Rc7 27. Rec2 Rxc2 28.
Rxc2 Bd7 29. Bxd7 Kxd7 30. Qc1 Qd8 31. Bxf8 Rxf8 32. Rc6 Qb8 33. Rd6+ Ke7 34.
Qc5 Rc8 35. Qxa5 Rc7 36. Rb6 Qc8 37. Qxb4+ Kd7 38. Kh2 Rc1 39. Qd6+ 1-0

[Event "Tradewise Gibraltar 2012 - Challenger B"]
[Site "Gibraltar ENG"]
[Date "2012.02.02"]
[Round "5.23"]
[White "Rodriguez Gonzalez, Alex"]
[Black "Lam, Daniel King-Wai"]
[Result "0-1"]
[WhiteElo "2002"]
[BlackElo "2022"]
[PlyCount "88"]
[EventDate "2012.01.28"]
[EventType "swiss"]
[EventRounds "5"]
[EventCountry "ENG"]
[Source "lmi"]
[SourceDate "2012.01.28"]

1. e4 e6 2. Nc3 d5 3. d4 Nf6 4. Bg5 dxe4 5. Nxe4 Nbd7 6. Nf3 Be7 7. Nxf6+ Bxf6
8. h4 h6 9. Be3 c5 10. Qd2 cxd4 11. Nxd4 O-O 12. g4 Bxh4 13. Bxh6 Ne5 14. g5
Qxd4 15. Qxd4 Nf3+ 16. Kd1 Nxd4 17. Rxh4 Nf5 18. Rg4 e5 19. Rg1 Rd8+ 20. Kc1
Be6 21. a4 gxh6 22. gxh6+ Kh7 23. Bd3 Rg8 24. Re1 Kxh6 25. Ra3 Nd4 26. Be4 Nc6
27. a5 a6 28. Bxc6 bxc6 29. Rh1+ Kg7 30. Re3 Kf6 31. Rh5 Rg1+ 32. Kd2 Rd8+ 33.
Kc3 Rd5 34. b4 c5 35. b5 axb5 36. Rh8 Rb1 37. Rh6+ Ke7 38. a6 Rdd1 39. Rxe6+
Kxe6 40. f4 f6 41. fxe5 fxe5 42. Rh3 Ra1 43. Rh8 Ra3+ 44. Kb2 Rda1 0-1

[Event "Tradewise Gibraltar 2012 - Challenger B"]
[Site "Gibraltar ENG"]
[Date "2012.02.02"]
[Round "5.26"]
[White "Lind, Jan-Olov"]
[Black "Mihajlov, Sebastian"]
[Result "0-1"]
[WhiteElo "2219"]
[BlackElo "1974"]
[PlyCount "174"]
[EventDate "2012.01.28"]
[EventType "swiss"]
[EventRounds "5"]
[EventCountry "ENG"]
[Source "lmi"]
[SourceDate "2012.01.28"]

1. e4 e5 2. Nf3 Nc6 3. Be2 Nf6 4. d3 h6 5. c3 Bc5 6. b4 Bb6 7. b5 Ne7 8. Nxe5
d5 9. Qc2 c6 10. bxc6 bxc6 11. O-O Bc7 12. Nf3 Ng6 13. Ba3 Nf4 14. Re1 dxe4 15.
Bf1 Bd6 16. Bxd6 Qxd6 17. dxe4 Qc7 18. Nbd2 O-O 19. Nc4 Re8 20. e5 N6d5 21. g3
Ng6 22. h3 Be6 23. Rab1 Qd7 24. Kh2 Bf5 25. Bd3 Bxh3 26. Nd6 Reb8 27. Rxb8+
Rxb8 28. Nf5 Bg4 29. N3d4 Nge7 30. Nd6 c5 31. Nb3 Qc7 32. Bh7+ Kf8 33. Be4 Be6
34. Kg2 Nc8 35. Nxc8 Rxc8 36. f4 Ne7 37. Rd1 g6 38. Qd2 Bg4 39. Bf3 Bxf3+ 40.
Kxf3 Qc6+ 41. Kf2 Qb6 42. Qd6 c4+ 43. Qxb6 axb6 44. Nd4 Nd5 45. Nb5 Rc5 46. a4
Ke7 47. Kf3 Ke6 48. g4 g5 49. Nd4+ Ke7 50. f5 Nxc3 51. Rh1 Nxa4 52. Rxh6 c3 53.
f6+ Kd7 54. e6+ fxe6 55. Rh7+ Kd6 56. Nc2 Rc8 57. Ke3 Rf8 58. Ra7 Nc5 59. f7
Nd7 60. Kd3 Rxf7 61. Kxc3 Rf3+ 62. Kd2 Ne5 63. Ne3 Rf4 64. Rb7 Nxg4 65. Rxb6+
Ke5 66. Nxg4+ Rxg4 67. Ke3 Rg3+ 68. Kf2 Rd3 69. Rb5+ Kf4 70. Rb4+ Kf5 71. Rb5+
e5 72. Rb8 e4 73. Rf8+ Kg4 74. Re8 Rf3+ 75. Kg2 Kf4 76. Rf8+ Ke3 77. Re8 Rf5
78. Ra8 Rd5 79. Ra3+ Ke2 80. Ra2+ Rd2 81. Ra5 e3 82. Rxg5 Rd6 83. Kg3 Rf6 84.
Ra5 Rg6+ 85. Kf4 Kf2 86. Rh5 e2 87. Rh2+ Rg2 0-1

[Event "Tradewise Gibraltar 2012 - Challenger B"]
[Site "Gibraltar ENG"]
[Date "2012.02.02"]
[Round "5.27"]
[White "Salomon, Johan"]
[Black "Jablon, Stephen"]
[Result "1/2-1/2"]
[WhiteElo "2002"]
[BlackElo "1931"]
[PlyCount "80"]
[EventDate "2012.01.28"]
[EventType "swiss"]
[EventRounds "5"]
[EventCountry "ENG"]
[Source "lmi"]
[SourceDate "2012.01.28"]

1. e4 e5 2. Nf3 Nf6 3. Nc3 Nc6 4. Bb5 Bb4 5. d3 Nd4 6. Bc4 b5 7. Bb3 a5 8. a3
Bxc3+ 9. bxc3 Nxf3+ 10. Qxf3 a4 11. Ba2 d6 12. O-O Be6 13. Qe2 O-O 14. Bg5 h6
15. Bh4 c6 16. Kh1 Re8 17. Bxe6 Rxe6 18. Rab1 Qa5 19. Qe1 Nd7 20. f3 Nf8 21.
Qd2 Ng6 22. Bg3 Qd8 23. Rb4 d5 24. exd5 Qxd5 25. c4 Qd7 26. Rfb1 bxc4 27. Rxc4
Ne7 28. Rbb4 Nf5 29. Bf2 Nd6 30. Rxa4 Nxc4 31. Rxa8+ Kh7 32. Qc3 Qb7 33. Ra7
Qb1+ 34. Bg1 Ne3 35. Qc5 Nxg2 36. Kxg2 Rg6+ 37. Kh1 Qf1 38. Qf2 Rxg1+ 39. Qxg1
Qxf3+ 40. Qg2 Qd1+ 1/2-1/2